=LDR 00000nam 2200000 4500 =001 INLIS000000000032436 =005 20130612134437 =008 ***********************************ind** =035 ##$$0010-061300000032436 =041 ##$$a ind =082 ##$$a 2x4 =090 ##$$a 2x4, Alq f =100 ##$$a Al-Qaradhawi, Yusuf =245 ##$$a Faktor-faktor Pengubah Fatwa, Yusuf Al-Qaradhawi; Penerjemah, Arif Munandar Riswanto; Editor, Ganna Pryadharizal Anaedi =260 ##$$a 2009 $b Jakarta =300 ##$$a 130 hlm., 20 cm =650 ##$$a Hukum Islam =700 ##$$a Riswanto, Arif Munandar =850 ##$$a NBPNMAT